000 nam a22 7a 4500
999 _c50555
_d50555
003 OSt
005 20210316095042.0
008 210316b xxu||||| |||| 00| 0 eng d
040 _cIIMT UNIVERSITY MEERUT
100 _aBERI
245 _aMARKET RESEARCH
260 _aNEW DELHI
_bTATA MC GRAW HILL
_c2004
300 _a474
942 _2ddc
_c02